1505 1421 1859 1932 1266 1490 1550 1279 1971 1305 1642 1174 1754 1770 1415 1073 1572 1104 1975 1873 1170 1037 1627 1490 1025 1911 1660 1041 1383 1660 1793 1719 1227 1795 1860 1443 1029 1750 1798 1254 1034 1490 1249 1108 1342 1430 1502 1499 1972 1931 1961 1862 1854 1647 1851 1474 1066 1580 1494 1948 1457 1971 1526 1688 1763 1330 1992 1714 1803 1496 1261 1539 1933 1643 1807 1263 1969 1223 1704 1994 1529 1189 1514 1366 1263 1970 1833 1852 1627 1192 1085 1698 1690 1549 1832 1860 1865 1882 1953 BCNSPRNW ULIB Ver.6.0+V

เปลี่ยนเป็นภาษาไทย

Change to English
 แสดงรายละเอียดบรรณานุกรม
  กลับหน้าหลัก

Brief Record : Get Marc (ISO 2709) : E-mail record : QR code < ปิดหน้าต่าง
LEADER : 00000nam 2200000uu 4500
001    13399122346
003     ULIB
008    130220s2550||||th 000 0 tha d
020    ^a9789742556723
090    ^aนว.^bพ541พ ล.1
100 0  ^aพัดชา,นามแฝง
245 00 ^aพรหมรัถยา เล่ม 1/^cพัดชา,นามแฝง
250    ^aพิมพ์ครั้งที่ 1
260    ^aกรุงเทพฯ :^bบูรพาสาส์น,^c2550
300    ^a430 หน้า
710 1  ^aบูรพาสาส์น
945    ^p0^l0^i022010
999    ^aเกษร โพธิ์สุวรรณ
รายการนี้ยังไม่มีแท็ก
คุณยังไม่ได้ล็อกอิน คุณสามารถมีกิจกรรมร่วมกับเว็บไซต์ได้ แต่ต้องล็อกอินก่อน ::
  ล็อกอิน

รายการสื่อสารสนเทศ

ลำดับที่ ประเภท เลขเรียก/บาร์โค้ด สถานที่ สถานะ
1. นวนิยาย
นวนิยาย
นว. พ541พ ล.1  
  Barcode: 022010
ห้องสมุดวิทยาเขตสวรรค์ประชารักษ์
►นวนิยาย
บนชั้น
  ขอยืม

รายการใกล้เคียง
    ผู้แต่ง [พัดชา,นามแฝง]

BibComment


ยังไม่เคยถูกคอมเมนท์

คอมเมนท์ทรัพยากรรายการนี้
  คอมเมนท์: พรหมรัถยา เล่ม 1..


 Copyright 2026. Bcnsprnw @Library